| 000 | 01800nam a2200349 a 4500 | ||
|---|---|---|---|
| 001 | ebr10675186 | ||
| 003 | CaPaEBR | ||
| 006 | m u | ||
| 007 | cr cn||||||||| | ||
| 008 | 100322s2010 nyua sb 001 0 eng d | ||
| 010 | _z 2010012154 | ||
| 020 | _z9781616686789 (pbk.) | ||
| 020 | _z1616686782 | ||
| 020 | _z9781616688929 (e-book) | ||
| 040 |
_aCaPaEBR _cCaPaEBR |
||
| 035 | _a(OCoLC)755586315 | ||
| 050 | 1 | 4 |
_aRS201.P65 _bC67 2010eb |
| 082 | 0 | 4 |
_a615/.7 _222 |
| 245 | 0 | 0 |
_aCopolymers in the preparation of parenteral drug delivery systems _h[electronic resource] / _cRossella Dorati ... [et al.]. |
| 260 |
_aNew York : _bNova Science Publishers, _cc2010. |
||
| 300 |
_a90 p. : _bill. |
||
| 490 | 1 | _aPolymer science and technology | |
| 504 | _aIncludes bibliographical references (p. [65]-79) and index. | ||
| 505 | 0 | _aDefinition and classification of block copolymers -- Synthesis of block copolymers from PEO and lactones -- Mechanism of copolymerization from PEO and lactone -- Physico-chemical properties of block copolymers from PEO and lactones -- Degradation of ABA triblock copolymers based on PEO and polyesters -- Parenteral drug delivery systems based on ABA polymers -- Overview on sterilization techniques for block copolymers. | |
| 533 |
_aElectronic reproduction. _bPalo Alto, Calif. : _cebrary, _d2013. _nAvailable via World Wide Web. _nAccess may be limited to ebrary affiliated libraries. |
||
| 650 | 0 | _aPolymeric drug delivery systems. | |
| 655 | 7 |
_aElectronic books. _2local |
|
| 700 | 1 | _aDorati, Rossella. | |
| 710 | 2 | _aebrary, Inc. | |
| 830 | 0 | _aPolymer science and technology series (Nova Science Publishers) | |
| 856 | 4 | 0 |
_uhttp://site.ebrary.com/lib/rucke/Doc?id=10675186 _zAn electronic book accessible through the World Wide Web; click to view |
| 999 |
_c164189 _d164189 |
||